| 000 | 00967nam a2200229Ii 4500 | ||
|---|---|---|---|
| 003 | JO-AjNU | ||
| 005 | 20240630093222.0 | ||
| 008 | 230605s9999||||xx |||||||||||||| ||und|| | ||
| 040 |
_aJO-AjNU _bara _erda _cJO-AjNU |
||
| 041 | _aara | ||
| 050 | 1 | 4 | _aK5087.2006 |
| 100 | 3 |
_aإعداد جهاد محمد محمد الجراح؛ إشراف محمد الزعبي, _eauthor _946760 |
|
| 245 | 0 | 0 | _aمسؤولية الفريق الطبي المدنية وفق أحكام التشريع الأردني " دراسة مقارنة" |
| 264 | 3 | 1 | _a2006 |
| 300 | _a311 ورقة | ||
| 336 |
_atext _btxt _2rdacontent |
||
| 337 |
_aunmediated _bn _2rdamedia |
||
| 338 |
_avolume _bnc _2rdacarrier |
||
| 500 | _aرسالة جامعية (دكتوراة في القانون الخاص )--جامعة عمان العربية ، كلية الدراسات القانونية العليا ، 2006 | ||
| 650 | 4 |
_aالمسؤولية الطبية -- قوانين _946761 |
|
| 942 |
_2lcc _cTHS |
||
| 999 |
_c23934 _d23934 |
||